000 00826pam a2200301 i 4500
999 _c1054
_d1054
001 017870757
003 Uk
005 20200624101219.0
008 160906s2016 stk j 000 1 eng c
015 _aGBB676691
_2bnb
016 7 _a017870757
_2Uk
020 _a9781781125854 (pbk.) :
035 _a(StEdNL)7926475
040 _aStDuBDS
_beng
_cStDuBDS
_dStEdNL
_dUk
_erda
042 _aukscp
082 0 4 _aFIC PRA
_223
100 1 _aPratt, Non,
_eauthor.
245 1 0 _aUnboxed /
_cNon Pratt.
264 1 _aEdinburgh :
_bBarrington Stoke,
_c2016.
300 _a139 pages ;
_c20 cm
336 _atext
_2rdacontent
337 _aunmediated
_2rdamedia
338 _avolume
_2rdacarrier
440 _aSuper-readable YA
655 0 _aHigh interest-low vocabulary books.
655 0 _aYoung adult fiction.
942 _2ddc
_cFIC